000 01092cam a2200289 a 4500
999 _c66100
_d66100
001 3958884
003 ARRUPE
005 20170530122538.0
008 940210s1994 nyua b 001 0 eng
010 _a 94006100
020 _a0801427010 (alk. paper)
020 _a0801499925 (alk. paper)
040 _aDLC
_cDLC
_dDLC
043 _af-sa---
050 0 0 _aDT2405.U48
_bJ64 1994
082 0 0 _a968.7/91
_220
100 1 _aJohnson, Walton R.
_931689
245 1 0 _aDismantling apartheid :
_ba South African town in transition /
_cWalton R. Johnson.
260 _aIthaca :
_bCornell University Press,
_c1994.
300 _axi, 246 p. :
_bill. ;
_c24 cm.
440 0 _aAnthropology of contemporary issues
_931690
504 _aIncludes bibliographical references (p. 231-240) and index.
650 0 _aApartheid
_zSouth Africa
_zUmtata.
_931691
651 0 _aUmtata (South Africa)
_xHistory.
_931692
906 _a7
_bcbc
_corignew
_d1
_eocip
_f19
_gy-gencatlg
942 _2lcc
_cMONOGRAPH